Cognitive psychology

Bewaard in:
Bibliografische gegevens
Hoofdauteur: SINGH, S.N
Formaat: Boek
Taal:Engels
Gepubliceerd in: Ane Books 2019
Tags: Voeg label toe
Geen labels, Wees de eerste die dit record labelt!

MARC

LEADER 00000nam a22000007a 4500
008 230807b |||||||| |||| 00| 0 eng d
020 |a 9789386761277 
100 |a SINGH, S.N. 
245 |a Cognitive psychology  |c S.H.Singh  |g vi,288p 
260 |b Ane Books  |c 2019  |h New Delhi  |i 700173  |i 700174  |l BF311.Si6  |m Cognitive psychology 
500 |a it includes index 
942 |a lcc  |c BK  |e Johnson  |f 07/08/23 
952 |0 0  |1 0  |2 lcc  |4 0  |6 BF0311 S I6  |7 0  |9 4337  |a ART  |b HOL  |c AF  |d 2023-08-07  |l 0  |o BF311.Si6  |p 2023-0262  |r 2023-08-07 00:00:00  |t 700173  |w 2023-08-07  |y BK 
952 |0 0  |1 0  |2 lcc  |4 0  |6 BF0311 S I6  |7 0  |9 4338  |a HOL  |b HOL  |c AF  |d 2023-08-07  |l 0  |o BF311.Si6  |p 2023-0263  |r 2023-08-07 00:00:00  |t 700174  |w 2023-08-07  |y BK 
999 |c 2179  |d 2179